<?xml version="1.0" encoding="UTF-8"?>
<record
    xmlns:xsi="http://www.w3.org/2001/XMLSchema-instance"
    xsi:schemaLocation="http://www.loc.gov/MARC21/slim http://www.loc.gov/standards/marcxml/schema/MARC21slim.xsd"
    xmlns="http://www.loc.gov/MARC21/slim">

  <leader>01063nam a2200205Ia 4500</leader>
  <datafield tag="952" ind1=" " ind2=" ">
    <subfield code="0">0</subfield>
    <subfield code="1">0</subfield>
    <subfield code="4">0</subfield>
    <subfield code="7">0</subfield>
    <subfield code="a">11</subfield>
    <subfield code="b">11</subfield>
    <subfield code="d">2007-02-14</subfield>
    <subfield code="l">1</subfield>
    <subfield code="o">RJ504 P33 2004</subfield>
    <subfield code="p">11 006403</subfield>
    <subfield code="r">2014-04-02</subfield>
    <subfield code="s">2014-04-02</subfield>
    <subfield code="t">1</subfield>
    <subfield code="w">2012-06-26</subfield>
    <subfield code="y">LB</subfield>
  </datafield>
  <datafield tag="952" ind1=" " ind2=" ">
    <subfield code="0">0</subfield>
    <subfield code="1">0</subfield>
    <subfield code="4">0</subfield>
    <subfield code="7">0</subfield>
    <subfield code="a">11</subfield>
    <subfield code="b">11</subfield>
    <subfield code="d">2009-01-26</subfield>
    <subfield code="l">3</subfield>
    <subfield code="o">RJ504 P33 2004</subfield>
    <subfield code="p">11 007662</subfield>
    <subfield code="r">2022-08-22</subfield>
    <subfield code="s">2022-08-22</subfield>
    <subfield code="t">2</subfield>
    <subfield code="w">2012-06-26</subfield>
    <subfield code="y">LB</subfield>
  </datafield>
  <datafield tag="952" ind1=" " ind2=" ">
    <subfield code="0">0</subfield>
    <subfield code="1">0</subfield>
    <subfield code="4">0</subfield>
    <subfield code="7">0</subfield>
    <subfield code="a">11</subfield>
    <subfield code="b">11</subfield>
    <subfield code="d">2009-03-09</subfield>
    <subfield code="l">11</subfield>
    <subfield code="o">RJ504 P33 2004</subfield>
    <subfield code="p">11 007761</subfield>
    <subfield code="r">2018-03-24</subfield>
    <subfield code="s">2018-03-24</subfield>
    <subfield code="t">3</subfield>
    <subfield code="w">2012-06-26</subfield>
    <subfield code="y">LB</subfield>
  </datafield>
  <datafield tag="952" ind1=" " ind2=" ">
    <subfield code="0">0</subfield>
    <subfield code="1">0</subfield>
    <subfield code="4">0</subfield>
    <subfield code="7">0</subfield>
    <subfield code="a">11</subfield>
    <subfield code="b">11</subfield>
    <subfield code="d">2009-08-11</subfield>
    <subfield code="l">3</subfield>
    <subfield code="o">RJ504 P33 2004</subfield>
    <subfield code="p">11 008058</subfield>
    <subfield code="r">2022-03-24</subfield>
    <subfield code="s">2022-03-24</subfield>
    <subfield code="t">4</subfield>
    <subfield code="w">2012-06-26</subfield>
    <subfield code="y">LB</subfield>
  </datafield>
  <datafield tag="999" ind1=" " ind2=" ">
    <subfield code="c">71538</subfield>
    <subfield code="d">71538</subfield>
  </datafield>
  <controlfield tag="008">120626s2003    mx a          000 0 spa d</controlfield>
  <datafield tag="020" ind1=" " ind2=" ">
    <subfield code="a">9707221755</subfield>
  </datafield>
  <datafield tag="050" ind1=" " ind2=" ">
    <subfield code="a">RJ504 </subfield>
    <subfield code="b">P33 2004</subfield>
  </datafield>
  <datafield tag="100" ind1=" " ind2=" ">
    <subfield code="a">Padilla Vel&#xE1;zquez, Mar&#xED;a Teresa</subfield>
    <subfield code="e">autor</subfield>
  </datafield>
  <datafield tag="245" ind1=" " ind2=" ">
    <subfield code="a">Psicoterapia de juego </subfield>
    <subfield code="c">/ Mar&#xED;a Teresa, Padilla Vel&#xE1;zquez</subfield>
  </datafield>
  <datafield tag="260" ind1=" " ind2=" ">
    <subfield code="a">M&#xE9;xico </subfield>
    <subfield code="b">: Plaza y Vald&#xE9;s</subfield>
    <subfield code="c">, 2003</subfield>
  </datafield>
  <datafield tag="300" ind1=" " ind2=" ">
    <subfield code="a">232 p&#xE1;ginas</subfield>
  </datafield>
  <datafield tag="500" ind1=" " ind2=" ">
    <subfield code="a">Incluye: Indice, Pr&#xF3;logo, Introducci&#xF3;n, Bibliograf&#xED;a</subfield>
  </datafield>
  <datafield tag="505" ind1=" " ind2=" ">
    <subfield code="a">Psicoterapia de juego  
Expresi&#xF3;n consciente de las etapas del desarrollo psicosexual normal  
El simbolismo del juego en la terapia psicoanal&#xED;tica de ni&#xF1;os  
La realidad del juego y la fantas&#xED;a del sue&#xF1;o en la psicoterapia infantil  
Terminaci&#xF3;n del an&#xE1;lisis en la psicoterapia infantil  
La &#xE9;tica en la psicoterapia infantil y algunos de los derechos del paciente </subfield>
  </datafield>
  <datafield tag="519" ind1=" " ind2=" ">
    <subfield code="a">Material Complementario/  </subfield>
    <subfield code="b">Psicolog&#xED;a /</subfield>
    <subfield code="d">(11 007761)  </subfield>
  </datafield>
  <datafield tag="650" ind1=" " ind2="0">
    <subfield code="a">PSICOTERAPIA INFANTIL</subfield>
  </datafield>
  <datafield tag="650" ind1=" " ind2="0">
    <subfield code="a">JUEGOS </subfield>
    <subfield code="x">ASPECTOS PSICOL&#xD3;GICOS</subfield>
  </datafield>
  <datafield tag="650" ind1=" " ind2="0">
    <subfield code="a">PSICOAN&#xC1;LISIS INFANTIL</subfield>
  </datafield>
  <datafield tag="942" ind1=" " ind2=" ">
    <subfield code="c">LB</subfield>
  </datafield>
</record>
